000 00299nam a22001337a 4500
008 171003b xxu||||| |||| 00| 0 eng d
020 _a9780070329737
041 _aeng
080 _a159.9
100 _a48
101 _aPSI
245 _aEXPLORING SOCIAL PSYCHOLOGY
_cMYERS, D.G
942 _2udc
_cBK
999 _c31265
_d31265